000 00758nam a2200229Ia 4500
003 GCL
008 140319s9999 xx 000 0 ara d
040 _aGCL /
_cGCL
082 0 4 _a345.06
_bم ا
100 1 _aمدحت محمد الحسينى
245 1 0 _aاجراءات الشهر العقارى وفقا للتعديلات الاخيرة /
_cمدحت محمد الحسينى
260 _a[S.N] :
_bدار المطبوعات الجامعية ،
_c1992
490 _a
650 0 4 _aالقانون
650 0 4 _aالعقود
650 0 4 _aقانون الملكية
650 0 4 _aعقود الايجار
650 0 4 _aالتوثيق العقارى
650 0 4 _aالشهر العقارى
650 0 4 _aالسجل العينى
942 _2ddc
_cBK
999 _c27960
_d27960